Statistics for Dark Knight Quotes

Click here to take the quiz!

General Stats

  • This quiz has been taken 212 times
  • The average score is 6 of 8

Answer Stats

HintAnswer% Correct
Why so _______?Serious
100%
You want to know how I got these _____?scars
95%
Don't start with the ______, the victim gets all woozyhead
89%
You either die a hero, or live long enough to see yourself become the______Villain
80%
I'm an agent of ______chaos
71%
If I kill one little mayor, then everyone _____ ______ _____loses their minds
63%
It's not about the money, it's about _______ _ _________sending a message
54%
I played this one a little ______ _ __ _____close to the chest
26%

Score Distribution

Percentile by Number Answered

Percent of People with Each Score

Your Score History

You have not taken this quiz